000 00521nam a2200181Ia 4500
005 20250326123843.0
008 250326s9999 xx 000 0 und d
037 _aTextbook
040 _aFMSL
_beng
_cFMSL
041 _aeng
_2eng
084 _aS(X:8)y7 K4
_qFMSL
100 _aZaleznik A
_9736255
245 0 _aCasbook on interpersonal behavior in organizations
_cZaleznik A; Moment D
260 _aNY
_bNY, John Wiley
_c1964
300 _a587p
942 _cTB
_hS(X:8)y7 K4
999 _c1271210
_d1271210